[Event "Reunion op 17th"]
[Site "St Denis"]
[Date "2015.10.10"]
[Round "1"]
[White "Evrin, Selvam"]
[Black "Gaudissard, Dominique"]
[Result "0-1"]
[WhiteElo "1220"]
[BlackElo "1723"]
[PlyCount "110"]
[EventDate "2015.10.10"]
[EventType "swiss"]
[EventRounds "9"]
[EventCountry "RUF"]
[SourceTitle "CBM 168 Extra"]
[Source "ChessBase"]
[SourceDate "2015.10.29"]
[SourceVersion "1"]
[SourceVersionDate "2015.10.29"]
[SourceQuality "1"]

1. e4 e5 2. Nf3 Nc6 3. Bc4 Bc5 4. 0-0 Nf6 5. d3 h6 6. Nc3 d6 7. Re1 0-0 8. Be3 Bb6 9. Bxb6 axb6 10. Qd2 Na5 11. Bd5 c6 12. Bb3 Nxb3 13. axb3 Bg4 14. Nh4 Qd7 15. f3 Be6 16. g4 Nh7 17. Kf2 Ng5 18. Ng2 Qe7 19. h4 Nh7 20. Ne2 Qf6 21. Ne3 Qxh4+ 22. Ng3 Qg5 23. Rh1 Nf6 24. Rad1 d5 25. Nh5 d4 26. Nxf6+ Qxf6 27. Nf5 Bxf5 28. exf5 Ra2 29. Rdg1 Qg5 30. f4 Qxf4+ 31. Qxf4 exf4 32. g5 hxg5 33. Rxg5 f6 34. Rg6 Rxb2 35. Rhg1 Rxc2+ 36. Kf3 Rf7 37. Kxf4 c5 38. Re1 Kf8 39. Rg3 Rf2+ 40. Kg4 Re7 41. Re6 Rxe6 42. fxe6 Ke7 43. Kh4 g5+ 44. Kh3 Kxe6 45. Rg4 Re2 46. Rg3 Re3 47. Kg4 f5+ 48. Kh3 Rxg3+ 49. Kxg3 Ke5 50. Kf3 g4+ 51. Kg3 b5 52. Kh4 Kf4 53. Kh5 g3 54. Kh4 g2 55. Kh3 g1Q 0-1

[Event "Reunion op 17th"]
[Site "St Denis"]
[Date "2015.10.10"]
[Round "4"]
[White "Gaudissard, Dominique"]
[Black "Jotee, Ashvin"]
[Result "0-1"]
[WhiteElo "1723"]
[BlackElo "1399"]
[PlyCount "44"]
[EventDate "2015.10.10"]
[EventType "swiss"]
[EventRounds "9"]
[EventCountry "RUF"]
[SourceTitle "CBM 168 Extra"]
[Source "ChessBase"]
[SourceDate "2015.10.29"]
[SourceVersion "1"]
[SourceVersionDate "2015.10.29"]
[SourceQuality "1"]

1. e4 c6 2. d4 d5 3. Nc3 dxe4 4. Nxe4 Bf5 5. Ng3 Bg6 6. h4 h6 7. h5 Bh7 8. Nf3 Nd7 9. Bd3 Bxd3 10. Qxd3 e6 11. Bd2 Ngf6 12. 0-0-0 Be7 13. Qe2 0-0 14. Ne5 Qc7 15. f4 c5 16. Bc3 Nd5 17. Bd2 cxd4 18. Ng6 Rfc8 19. Nxe7+ Nxe7 20. Qd3 Nc5 21. Qxd4 Nb3+ 22. axb3 Qxc2# 0-1

[Event "Reunion op 17th"]
[Site "St Denis"]
[Date "2015.10.10"]
[Round "7"]
[White "Rajaonson, Andriamahenina"]
[Black "Gaudissard, Dominique"]
[Result "1/2-1/2"]
[WhiteElo "1840"]
[BlackElo "1723"]
[PlyCount "91"]
[EventDate "2015.10.10"]
[EventType "swiss"]
[EventRounds "9"]
[EventCountry "RUF"]
[SourceTitle "CBM 168 Extra"]
[Source "ChessBase"]
[SourceDate "2015.10.29"]
[SourceVersion "1"]
[SourceVersionDate "2015.10.29"]
[SourceQuality "1"]

1. e4 e5 2. Nf3 Nc6 3. Bc4 Bc5 4. c3 d6 5. d4 exd4 6. cxd4 Bb4+ 7. Nc3 Nf6 8. 0-0 0-0 9. Re1 Bxc3 10. bxc3 Nxe4 11. Bxf7+ Rxf7 12. Rxe4 d5 13. Bg5 Qd6 14. Re8+ Rf8 15. Qe2 Bg4 16. Rxa8 Rxa8 17. Qe3 Bh5 18. Bf4 Qd7 19. Ne5 Qf5 20. Rc1 Re8 21. Qg3 Na5 22. h3 Be2 23. Qg5 Qxg5 24. Bxg5 Bc4 25. Rc2 Re6 26. Bd8 Nc6 27. Bxc7 Nxe5 28. dxe5 Ra6 29. f4 Rxa2 30. Rxa2 Bxa2 31. Bb8 a5 32. Bc7 a4 33. Bd6 Bb3 34. g4 g6 35. Kf2 Kf7 36. Kg3 Ke6 37. h4 h5 38. f5+ gxf5 39. gxh5 a3 40. Bxa3 Kxe5 41. Bc1 Kf6 42. Be3 Kg7 43. Bf4 Kh7 44. Bg5 Bc2 45. Kf4 Be4 46. Ke5 1/2-1/2

[Event "Chambery op 12ve"]
[Site "Chambery"]
[Date "2006.07.30"]
[Round "2"]
[White "Gaudissard, Dominique"]
[Black "Marchat, Gerard"]
[Result "0-1"]
[WhiteElo "1878"]
[BlackElo "1929"]
[PlyCount "62"]
[EventDate "2006.07.29"]
[EventType "swiss"]
[EventRounds "9"]
[EventCountry "FRA"]
[SourceTitle "EXT 2007"]
[Source "ChessBase"]
[SourceDate "2006.11.23"]
[SourceVersion "1"]
[SourceVersionDate "2006.11.23"]
[SourceQuality "1"]

1. e4 e5 2. Nf3 Nc6 3. Bc4 Bc5 4. b4 Bxb4 5. c3 Ba5 6. d4 Bb6 7. d5 Na5 8. Nbd2 Nxc4 9. Nxc4 d6 10. Nxb6 axb6 11. 0-0 Bg4 12. c4 Qf6 13. Bg5 Qg6 14. Nxe5 dxe5 15. Qxg4 h6 16. f4 hxg5 17. fxe5 Nh6 18. Qf3 0-0 19. a4 Rae8 20. d6 cxd6 21. exd6 Qxd6 22. e5 Qxe5 23. Rae1 Qd4+ 24. Qf2 Qxf2+ 25. Kxf2 Ng4+ 26. Kg3 Ne5 27. Re4 f6 28. Rb1 Nd7 29. Kf3 Rxe4 30. Kxe4 Nc5+ 31. Kd5 Rd8# 0-1